000
00268nam a22000977a 4500
999
_c
516892
_d
516892
082
_a
TNC
100
_a
Arya, Ravi Prakash
_9
23725
245
_a
New discoveries about vedic sarasvati, ed. 3
_c
by Ravi Prakash Arya
260
_a
New York
_b
D.D.D.I.V.V.
_c
2002
300
_a
90p.